000 00898nam a2200289 a 4500
001 68946
003 BD-RjUL
005 20211209081831.0
008 170408s1984 nyua 001 0 eng
020 _a0412259605
020 _a0412259702 (pbk.)
035 _a(BD-RjUL)69157
040 _aDLC
_cDLC
_dBD-RjUL
_beng
041 _aeng
082 0 0 _a631.4
_223
_bOLF 1984
100 1 _aOlson, Gerald W.
_9204287
245 1 0 _aField guide to soils and the environment :
_bapplications of soil surveys /
_cGerald W. Olson.
260 _aNew York :
_bChapman and Hall,
_cc1984.
300 _axvii, 219 p. :
_bill. ;
_c29 cm.
500 _a"A Dowden and Culver book."
504 _aIncludes bibliographies.
650 0 _aSoil surveys.
_9204289
650 0 _aSoil science.
_9146021
942 _2ddc
_cBK
999 _c68946
_d68946